000 00316nam a2200109Ia 4500
001 588992
005 20250717120840.0
008 250717s9999 xx 000 0 und d
245 0 _aU-10 ETKİNLİKLERLE NEŞELİ RAMAZAN GÜNLÜĞÜ
_cARİFE GÖKMEN
260 _bTÜRKİYE DİYANET VAKFI YAYINLARI
_c2020
300 _b63
999 _c588992
_d588992